Carta de la Organización de los Estados Americanos
Sábháilte in:
| Údar corparáideach: | |
|---|---|
| Formáid: | Téacs |
| Foilsithe / Cruthaithe: |
Heredia:
UNA
|
| Clibeanna: |
Cuir clib leis
Níl clibeanna ann, Bí ar an gcéad duine le clib a chur leis an taifead seo!
|
MARC
| LEADER | 00000 a a2200000 04500 | ||
|---|---|---|---|
| 001 | 25093 | ||
| 003 | |||
| 040 | |||
| 090 | |a 179800 | ||
| 110 | |a Universidad Nacional | ||
| 245 | |a Carta de la Organización de los Estados Americanos | ||
| 260 | |a Heredia: |b UNA | ||
| 300 | |a 62 p. | ||
| 999 | |c 10248 |d 10248 | ||
